LEADER 01979oam 2200553 450 001 9910706898103321 005 20181018213759.0 035 $a(CKB)5470000002458482 035 $a(OCoLC)1022117794 035 $a(EXLCZ)995470000002458482 100 $a20180207d2018 ua 0 101 0 $aeng 135 $aurbn||||a|||| 181 $ctxt$2rdacontent 182 $cc$2rdamedia 183 $acr$2rdacarrier 200 10$aAdvancing human rights to combat extremism $ehearing before the Subcommittee on Africa, Global Health, Global Human Rights, and International Organizations of the Committee on Foreign Affairs, House of Representatives, One Hundred Fifteenth Congress, first session December 6, 2017 210 1$aWashington :$cU.S. Government Publishing Office,$d2018. 215 $a1 online resource (iii, 100 pages) 300 $aPrint version is available for sale by the Superintendent of Documents, U.S. Government Publishing Office. 300 $a"Serial No. 115-92." 320 $aIncludes bibliographical references. 517 $aAdvancing human rights to combat extremism 606 $aIslamic fundamentalism 606 $aExtremists$zAfrica 606 $aTerrorism$xReligious aspects$xIslam 606 $aReligious tolerance$zAfrica 606 $aHuman rights$zAfrica 606 $aPersecution$zAfrica$xPrevention 606 $aFreedom of religion$zAfrica 608 $aLegislative hearings.$2lcgft 615 0$aIslamic fundamentalism. 615 0$aExtremists 615 0$aTerrorism$xReligious aspects$xIslam. 615 0$aReligious tolerance 615 0$aHuman rights 615 0$aPersecution$xPrevention. 615 0$aFreedom of religion 801 0$bGPO 801 1$bGPO 801 2$bGPO 801 2$bMERUC 801 2$bOCLCF 801 2$bUOK 801 2$bGPO 906 $aBOOK 912 $a9910706898103321 996 $aAdvancing human rights to combat extremism$93549398 997 $aUNINA LEADER 02805oem 2200721 450 001 9910713686803321 005 20200615131526.0 035 $a(CKB)5470000002502802 035 $a(OCoLC)966435240 035 $a(EXLCZ)995470000002502802 100 $a20161219d1993 ua 101 0 $aeng 120 $ab|||||||||||| 121 $a||||||||| 124 $bd 135 $aurcn||||||||| 181 $ccri$2rdacontent 182 $cc$2rdamedia 183 $acr$2rdacarrier 200 10$aProperties and chemical constituents in ground water from permeable Zone C (lower Pliocene-upper Miocene deposits) coastal lowlands aquifer system, south-central United States /$fby Robert A. Pettijohn, John F. Busby, and Michael A. Cervantes 210 1$aAustin, Texas :$cU.S. Department of the Interior, U.S. Geological Survey,$d1993. 215 $a1 online resource (17 maps) $ccolor 225 1 $aWater-resources investigations report ;$v91-4151 300 $aRelief shown by contours and spot heights. 300 $aIncludes text, location map, 1 cross section, 11 ancillary maps, 10 graphs, and 2 tables. 300 $a"A contribution of the Regional Aquifer-System Analysis Program"--Envelope. 320 $aIncludes bibliographical references (sheet 1). 517 $aProperties and chemical constituents in ground water from permeable Zone C 606 $aAquifers$zTexas$vMaps 606 $aAquifers$zGulf Coast (U.S.)$vMaps 606 $aAquifers$zMississippi River Valley$vMaps 606 $aGroundwater$zTexas$xComposition$vMaps 606 $aGroundwater$zGulf Coast (U.S.)$xComposition$vMaps 606 $aGroundwater$zMississippi River Valley$xComposition$vMaps 606 $aAquifers$2fast 606 $aGroundwater$xComposition$2fast 607 $aMississippi River Valley$2fast 607 $aTexas$2fast 607 $aUnited States$zGulf Coast$2fast 608 $aMaps.$2fast 608 $aMaps.$2lcgft 615 0$aAquifers 615 0$aAquifers 615 0$aAquifers 615 0$aGroundwater$xComposition 615 0$aGroundwater$xComposition 615 0$aGroundwater$xComposition 615 7$aAquifers. 615 7$aGroundwater$xComposition. 702 $aPettijohn$b Robert A. 702 $aBusby$b John F. 702 $aCervantes$b Michael A.$f1957- 712 02$aNational Regional Aquifer Systems Analysis Program (U.S.), 801 0$bCOP 801 1$bCOP 801 2$bOCLCO 801 2$bOCLCF 801 2$bOCLCA 801 2$bGPO 906 $aBOOK 912 $a9910713686803321 996 $aProperties and chemical constituents in ground water from permeable Zone C (lower Pliocene-upper Miocene deposits) coastal lowlands aquifer system, south-central United States$93355309 997 $aUNINA